=LDR 00000nam 2200000 4500 =001 INLIS000000000048882 =005 20170112093558.0 =006 =007 =008 =020 ##$$a 978-602-7732-86-5 =035 ##$$0010-011700000000163 =040 ##$$a NBPDMAT =082 ##$$a 745 .1 =084 ##$$a 745 .1 $b ayi k =100 ##$$a Ayik . Hanifah =245 ##$$a Kreasi hantaran istimewa untuk pernikahan / $c Aiyik hanifah ; Editor budi dermawan =260 ##$$a Jakarta : $b laskar aksara, $c 2014 =300 ##$$a IV, 124 hlm. : $b ilus. ; $c 24 cm =650 ##$$a KERAJINAN TANGAN =700 ##$$a Budi Dermawan